01017cam a22002777a 4500003000500000005001700005008004100022010001000063011001000073035001000083040000900093082001700102245009400119260007700213300001100290590004100301590004100342590004100383590004200424650004600466901000700512942001000519949004700529999001700576952014600593CHAP20220329135505.0971013s1957 r 00010 d a37470 a38442 a42562 cCHAP a025.46bO93Y14aDas Oxford-System der Dezimal Klassifikation fur forestwessen (Forst-und Holzwirstschaft) aFreiburg :bDeutschen Zentralstelle fur forstliche. Bibliographie,c1957 a110 p. aBATCH-UPDb10c20130110lUCH01h0128 aBATCH-UPDb10c20130409lUCH01h2123 aBATCH-UPDb10c20130914lUCH01h0947 aCONVERSIONb10c20130109lUCH01h132114aClasificación Decimal de Oxford.923677 aBK cLIBRO a025.46 O93YbBCcBd-97956eBi42562mDsi c37470d37470 00104054718BaBCbBCcPA_BIBd2012-12-17fLIBROl0o025.46 O93Yp33724002500835r2019-12-31 00:00:00w2019-12-31yLIBROzRecien adquirido